المیہ : (Record no. 172379)

MARC details
000 -LEADER
fixed length control field 00532nam a22001817a 4500
005 - DATE AND TIME OF LATEST TRANSACTION
control field 20200204114740.0
010 ## - LCCN (DPL NO)
LC control number A-482261
020 ## - INTERNATIONAL STANDARD BOOK NUMBER
Terms of availability 60.00
035 ## - SYSTEM CONTROL NUMBER
System control number A-482261
037 ## - SOURCE OF ACQUISITION
Source of stock number/acquisition BPPD/Pub.
082 ## - DEWEY DECIMAL CLASSIFICATION NUMBER
Classification number 842.08
100 ## - MAIN ENTRY--PERSONAL NAME
Personal name محمد اسلم قریشی
245 ## - TITLE STATEMENT
Title المیہ :
Remainder of title ایک جایزہ /
Statement of responsibility, etc محمد اسلم قریشی
246 ## - VARYING FORM OF TITLE
Title proper/short title Almiyah : Ek Jayza(Urdu) /
Remainder of title by Mohammed Aslam Qureshi
260 ## - PUBLICATION, DISTRIBUTION, ETC. (IMPRINT)
Place of publication, distribution, etc Lahore
Name of publisher, distributor, etc -
Date of publication, distribution, etc 1987 ء
300 ## - PHYSICAL DESCRIPTION
Extent 256p.
Dimensions 20cm(Hb)
942 ## - ADDED ENTRY ELEMENTS (KOHA)
Source of classification or shelving scheme Dewey Decimal Classification
Item type Urdu Bks
Classification part 842.08
Call number suffix ق ر ے
Holdings
Withdrawn status Lost status Not for loan Collection code Home library Current library Date acquired Source of acquisition Cost, normal purchase price Full call number Barcode Copy number Cost, replacement price Koha item type
      Non-fiction Central Library Central Library 04/02/2020 BPPD/Ven. 60.00 842.08 ق ر ے A-482261 1 60.00 Urdu Bks

© Delhi Public Library
Hit Counter
free hit counter